[Event "40th Olympiad Open"]
[Site "Istanbul TUR"]
[Date "2012.09.09"]
[Round "11.33"]
[Board "3"]
[White "Latorre, Manuel"]
[Black "Nassr, Ali"]
[Result "1/2-1/2"]
[WhiteTitle "FM"]
[BlackTitle "FM"]
[WhiteElo "2303"]
[BlackElo "2030"]
[WhiteTeam "Paraguay"]
[BlackTeam "Algeria"]
[WhiteFideId "3700844"]
[BlackFideId "7900520"]
[EventDate "2012.08.28"]

1. d4 Nf6 2. Nf3 e6 3. c4 b6 4. e3 Bb7 5. Bd3 c5 6. Nc3 cxd4 7. exd4 Bb4 8. O-O
O-O 9. Bg5 Be7 10. Qe2 d6 11. Rad1 Nbd7 12. Bb1 Rc8 13. d5 e5 14. Bd2 Ne8 15.
Ne1 f5 16. f4 g6 17. g4 Ng7 18. b3 fxg4 19. Qxg4 exf4 20. Bxf4 Nf6 21. Qg2 Nfh5
22. Bh6 Rxf1+ 23. Kxf1 Qd7 24. Rd3 Nf5 25. Bg5 Rf8 26. Rf3 Bxg5 27. Qxg5 Nhg7
28. Ne4 Kh8 29. Ng3 Nxg3+ 30. hxg3 Qe8 31. Kf2 Bc8 32. g4 Kg8 33. Bd3 Bd7 34.
Ng2 Rxf3+ 35. Kxf3 Qf8+ 36. Kg3 Ne8 37. Ne3 Nf6 38. Nf5 Nxg4 39. Qxg4 Bxf5 40.
Bxf5 Qxf5 41. Qxf5 gxf5 42. Kf4 Kf7 43. Kxf5 h6 44. a3 a6 45. Kg4 Kf6 46. Kh5
Kg7 47. Kg4 1/2-1/2

[Event "40th Olympiad Open"]
[Site "Istanbul TUR"]
[Date "2012.09.09"]
[Round "11.34"]
[Board "1"]
[White "Shukuraliev, Algis"]
[Black "Djukic, Nikola"]
[Result "1-0"]
[BlackTitle "GM"]
[WhiteElo "2360"]
[BlackElo "2523"]
[WhiteTeam "Kyrgyzstan"]
[BlackTeam "Montenegro"]
[WhiteFideId "13800426"]
[BlackFideId "922412"]
[EventDate "2012.08.28"]

1. d4 Nf6 2. c4 g6 3. g3 Bg7 4. Bg2 d5 5. cxd5 Nxd5 6. Nc3 Nxc3 7. bxc3 O-O 8.
Nf3 c5 9. O-O Nc6 10. d5 Na5 11. e4 Bxc3 12. Bh6 Bg7 13. Bxg7 Kxg7 14. Re1 Bg4
15. Qc2 Bxf3 16. Bxf3 Rc8 17. Bg4 Rb8 18. Qxc5 b6 19. Qd4+ Kg8 20. Rac1 Nb7 21.
h4 Nc5 22. h5 gxh5 23. Bxh5 e5 24. Qe3 f5 25. exf5 e4 26. Rxc5 bxc5 27. Qxe4 Qf6
28. Qe6+ Kh8 29. d6 Qxf5 30. Qxf5 Rxf5 31. d7 Rff8 32. Re5 Kg7 33. Rxc5 Kf6 34.
Bg4 Ke7 35. Rh5 Rb1+ 36. Kg2 Rb2 37. Bf5 Rxa2 38. Rxh7+ Kd8 39. g4 Ra5 40. Rh5
Rc5 41. Kg3 a5 42. Kf4 a4 43. Rh3 Kc7 44. Kg5 Ra5 45. Rc3+ Kb6 46. Rd3 Raa8 47.
Be4 Rab8 48. f4 Kc7 49. Bf5 Ra8 50. Be6 a3 51. Rd2 Rfb8 52. Rc2+ Kd6 53. f5 Ke7
54. Kg6 Rd8 55. Re2 Rab8 56. Re3 Rb6 57. Rxa3 Rxd7 58. g5 Rc7 59. Rh3 Rc1 60.
Rh7+ Kd6 61. Kf6 Rg1 62. g6 Rb2 63. Rd7+ Kc6 64. Rd8 Rbg2 65. Bd5+ Kc7 66. Bxg2
Kxd8 67. Bd5 1-0

[Event "40th Olympiad Open"]
[Site "Istanbul TUR"]
[Date "2012.09.09"]
[Round "11.34"]
[Board "2"]
[White "Drasko, Milan"]
[Black "Maznitsin, A"]
[Result "1/2-1/2"]
[WhiteTitle "GM"]
[WhiteElo "2479"]
[BlackElo "2283"]
[WhiteTeam "Montenegro"]
[BlackTeam "Kyrgyzstan"]
[WhiteFideId "900397"]
[BlackFideId "13800302"]
[EventDate "2012.08.28"]

1. Nf3 Nf6 2. g3 b6 3. Bg2 Bb7 4. c4 e6 5. O-O Be7 6. b3 O-O 7. Bb2 d5 8. e3 c5
9. Nc3 Nc6 10. cxd5 Nxd5 11. Nxd5 Qxd5 12. d4 Rad8 13. Ne5 Qd6 14. dxc5 Qxc5 15.
Nd7 Qf5 16. e4 Qg5 17. h4 Qh6 18. Bc1 g5 19. hxg5 Qg7 20. Nf6+ Bxf6 21. gxf6
Rxd1 22. fxg7 Rxf1+ 23. Bxf1 Kxg7 24. Bb2+ f6 25. Rd1 Rd8 26. Rxd8 Nxd8 27. f3
Kg6 28. Kf2 f5 29. exf5+ exf5 30. Bd3 h5 31. Ke3 Kg5 32. Be5 Ne6 33. Bc4 Bc8 34.
Bd6 Kf6 35. b4 a6 36. b5 axb5 37. Bxb5 Bb7 38. Be8 Ng7 39. Ba4 Ne6 40. f4 Bd5
41. a3 Kf7 42. Bb5 Bb7 43. Bc4 Bc6 44. Kd2 Kf6 45. Kc3 Bf3 46. Kb4 Bc6 47. a4
Bd7 48. Bb5 Bc8 49. Be8 Ng7 50. Be5+ Ke7 51. Bg6 Ne6 52. Bxh5 Nc5 53. Bd1 Bd7
54. Bc2 Ke6 55. Bd4 Kd5 56. Bf6 Ne4 57. Bd8 Nxg3 58. Bxb6 Ne2 59. Be3 Nd4 60.
Bxd4 Kxd4 61. a5 Bc8 62. Kb5 Ke3 63. Kb6 Kxf4 64. Bd3 Ke3 65. Bb5 f4 66. Kc7 Bf5
67. a6 Be4 68. a7 f3 69. Bc6 Bxc6 70. Kxc6 1/2-1/2

[Event "40th Olympiad Open"]
[Site "Istanbul TUR"]
[Date "2012.09.09"]
[Round "11.34"]
[Board "3"]
[White "Abdyjapar, Asyl"]
[Black "Kosic, Dragan"]
[Result "1-0"]
[WhiteTitle "FM"]
[BlackTitle "GM"]
[WhiteElo "2365"]
[BlackElo "2526"]
[WhiteTeam "Kyrgyzstan"]
[BlackTeam "Montenegro"]
[WhiteFideId "13800337"]
[BlackFideId "900290"]
[EventDate "2012.08.28"]

1. c4 Nf6 2. Nc3 c5 3. Nf3 Nc6 4. g3 e5 5. Bg2 d6 6. O-O Be7 7. d3 h6 8. a3 Be6
9. e4 Nh7 10. Nd5 Ng5 11. Ne1 Qd7 12. f4 Bg4 13. Qa4 Nh3+ 14. Kh1 exf4 15. gxf4
O-O 16. f5 Bh4 17. Bxh3 Bxh3 18. Rg1 Kh7 19. Be3 Rae8 20. Nf3 Bd8 21. Qc2 g5 22.
Bxg5 f6 23. Bxh6 Rg8 24. Qf2 Ne5 25. Nxe5 fxe5 26. Qf3 1-0

[Event "40th Olympiad Open"]
[Site "Istanbul TUR"]
[Date "2012.09.09"]
[Round "11.34"]
[Board "4"]
[White "Kalezic, Blazo"]
[Black "Takyrbashev, B."]
[Result "0-1"]
[WhiteTitle "IM"]
[WhiteElo "2438"]
[BlackElo "2195"]
[WhiteTeam "Montenegro"]
[BlackTeam "Kyrgyzstan"]
[WhiteFideId "921815"]
[BlackFideId "13800272"]
[EventDate "2012.08.28"]

1. e4 c5 2. d3 Nc6 3. g3 g6 4. Bg2 Bg7 5. f4 d6 6. Nf3 Nf6 7. O-O O-O 8. c3 Rb8
9. h3 b5 10. a3 a5 11. g4 c4 12. e5 dxe5 13. fxe5 Nd5 14. d4 f6 15. exf6 exf6
16. a4 b4 17. Qe2 Nb6 18. Rd1 Re8 19. Qf1 Ne7 20. cxb4 axb4 21. a5 Nbd5 22. Qxc4
Be6 23. Qf1 Qc7 24. Re1 Bd7 25. Qf2 Bb5 26. Bf1 Bxf1 27. Qxf1 Nc6 28. Rxe8+ Rxe8
29. Nbd2 Ne3 30. Qf2 Nc2 31. Rb1 N6xd4 32. Nxd4 Nxd4 33. Nf1 Ne2+ 34. Kg2 Nxc1
35. Ng3 Nd3 36. Qd2 Nf4+ 37. Kh2 Rd8 38. Qf2 h5 39. Rf1 g5 40. Qb6 Qxb6 41. axb6
Rb8 42. Rd1 hxg4 43. hxg4 Bf8 44. Nf5 Rxb6 45. Kg3 Rc6 46. Rd2 Rc1 47. Kf3 Ng6
48. Ne3 Ne5+ 49. Ke4 Re1 50. Rd1 Re2 51. Kd4 Rxb2 52. Rc1 b3 53. Rc8 Rd2+ 54.
Ke4 b2 55. Rb8 Re2 56. Kf5 Rxe3 57. Rxb2 Rf3+ 58. Ke6 Nxg4 0-1

[Event "40th Olympiad Open"]
[Site "Istanbul TUR"]
[Date "2012.09.09"]
[Round "11.35"]
[Board "1"]
[White "Astaneh Lopez, Alex"]
[Black "Munoz Santana, Jose Lisandro"]
[Result "1/2-1/2"]
[WhiteTitle "IM"]
[BlackTitle "IM"]
[WhiteElo "2398"]
[BlackElo "2428"]
[WhiteTeam "Ireland"]
[BlackTeam "Dominican Republic"]
[WhiteFideId "2501430"]
[BlackFideId "6400361"]
[EventDate "2012.08.28"]

1. e4 e6 2. Qe2 c5 3. g3 Nc6 4. Bg2 g6 5. Nf3 Bg7 6. O-O Nge7 7. c3 O-O 8. d3 d6
9. Nbd2 b5 10. a3 a5 11. Rd1 Bb7 12. Nf1 b4 13. d4 cxd4 14. cxd4 Ba6 15. Qe1 Qb6
16. Bg5 h6 17. Be3 d5 18. Qd2 Kh7 19. Ne5 Rad8 20. Nxc6 Nxc6 21. exd5 exd5 22.
axb4 axb4 23. b3 Bc8 24. Rdc1 Bf5 25. Ra4 Be4 26. Rc5 Rfe8 27. h4 Bxg2 28. Kxg2
Nxd4 29. Rc1 Qe6 30. Bxd4 Qe4+ 31. Kg1 Qxd4 32. Qxd4 Bxd4 33. Rxb4 Be5 34. Nd2
Rd7 35. Kf1 Bf6 36. Nf3 Ra8 37. Ke2 Ra2+ 38. Nd2 Kg7 39. Kd3 Bd8 40. Ra4 Rb2 41.
Ra6 d4 42. Rc8 Kh7 43. Rc4 Be7 44. Rac6 Bd8 45. Rc2 Rxc2 46. Rxc2 Ba5 47. Ne4
Rb7 48. Nc5 Rb5 49. Rc4 Be1 50. Ke2 Bc3 51. g4 Kg7 52. f4 Bb2 53. b4 Bc3 54. Nd3
Rb7 55. g5 hxg5 56. hxg5 f6 57. Kf3 fxg5 58. fxg5 Rb5 59. Rc7+ Kf8 60. Rc5 Rxc5
61. bxc5 Bd2 62. Nf4 Ke8 63. Kg4 Be3 64. c6 Kd8 65. Nd5 Bd2 66. Kf3 Bxg5 67. Ke4
Be3 68. Kf3 Bg1 69. Ke4 g5 70. Kf5 d3 71. Ke4 d2 72. Nc3 Bh2 73. Kd3 Bf4 74. Ke2
Kc7 75. Nd5+ Kxc6 76. Nxf4 gxf4 77. Kxd2 Kd6 78. Ke2 Kd5 79. Kf3 Ke5 80. Kf2 1/2-1/2

[Event "40th Olympiad Open"]
[Site "Istanbul TUR"]
[Date "2012.09.09"]
[Round "11.35"]
[Board "3"]
[White "Wall, Gavin"]
[Black "Puntier, William"]
[Result "1-0"]
[WhiteTitle "IM"]
[BlackTitle "FM"]
[WhiteElo "2338"]
[BlackElo "2312"]
[WhiteTeam "Ireland"]
[BlackTeam "Dominican Republic"]
[WhiteFideId "2501244"]
[BlackFideId "6400299"]
[EventDate "2012.08.28"]

1. e4 c5 2. Nf3 g6 3. d4 cxd4 4. Qxd4 Nf6 5. Nc3 Nc6 6. Qa4 Bg7 7. e5 Ng8 8. Bf4
f6 9. exf6 Nxf6 10. O-O-O O-O 11. Qb3+ Kh8 12. Ng5 e5 13. Be3 Qe7 14. Nd5 Nxd5
15. Qxd5 Nd4 16. Bc4 h6 17. Nf7+ Kh7 18. Nxe5 Nf5 19. Nxg6 Kxg6 20. Bd3 h5 21.
g4 hxg4 22. Rdg1 d6 23. Rxg4+ Kh7 24. Rhg1 Be5 25. Bg5 Qe6 26. Bd2 Bf6 27. Qf3 1-0

[Event "40th Olympiad Open"]
[Site "Istanbul TUR"]
[Date "2012.09.09"]
[Round "11.36"]
[Board "3"]
[White "Ezat, Mohamed"]
[Black "Michiels, Bart"]
[Result "1-0"]
[WhiteTitle "IM"]
[BlackTitle "IM"]
[WhiteElo "2453"]
[BlackElo "2509"]
[WhiteTeam "Egypt"]
[BlackTeam "Belgium"]
[WhiteFideId "10600906"]
[BlackFideId "202967"]
[EventDate "2012.08.28"]

1. d4 Nf6 2. Nf3 d5 3. e3 e6 4. Bd3 c5 5. b3 Nbd7 6. O-O cxd4 7. exd4 b6 8. Nbd2
Be7 9. Bb2 O-O 10. Re1 Bb7 11. Re3 Ng4 12. Re2 Rc8 13. Qf1 Re8 14. g3 Ngf6 15.
Rc1 Rc7 16. Qh3 h6 17. g4 Nh7 18. Qg3 Ndf8 19. Ne5 Bd6 20. f4 f6 21. Ng6 Qc8 22.
h4 Ba6 23. c4 Bb4 24. g5 dxc4 25. bxc4 Bxd2 26. Rxd2 Bxc4 27. Rdc2 b5 28. Nxf8
Nxf8 29. gxf6 Rd8 30. d5 Rxd5 31. Bxc4 bxc4 32. Rxc4 Rdd7 33. Rxc7 Rxc7 34. f7+ 1-0

[Event "40th Olympiad Open"]
[Site "Istanbul TUR"]
[Date "2012.09.09"]
[Round "11.36"]
[Board "4"]
[White "Ringoir, Tanguy"]
[Black "Abdel Razik, Khaled"]
[Result "1/2-1/2"]
[WhiteTitle "IM"]
[BlackTitle "IM"]
[WhiteElo "2448"]
[BlackElo "2448"]
[WhiteTeam "Belgium"]
[BlackTeam "Egypt"]
[WhiteFideId "208027"]
[BlackFideId "10601104"]
[EventDate "2012.08.28"]

1. d4 Nf6 2. c4 c5 3. d5 b5 4. Qc2 g6 5. e4 Bg7 6. cxb5 O-O 7. Nc3 e6 8. dxe6
fxe6 9. f4 Bb7 10. Nf3 a6 11. a4 axb5 12. Bxb5 Nc6 13. Bxc6 Bxc6 14. O-O Qb6 15.
Ne5 Bb7 16. a5 Qc7 17. Nb5 Qb8 18. Nc3 Qc7 19. Nb5 Qb8 20. Nc3 Qc7 1/2-1/2

[Event "40th Olympiad Open"]
[Site "Istanbul TUR"]
[Date "2012.09.09"]
[Round "11.37"]
[Board "1"]
[White "Zhang, Zhong"]
[Black "Ssegwanyi, Arthur"]
[Result "1-0"]
[WhiteTitle "GM"]
[WhiteElo "2595"]
[BlackElo "2178"]
[WhiteTeam "Singapore"]
[BlackTeam "Uganda"]
[WhiteFideId "8600694"]
[BlackFideId "10000100"]
[EventDate "2012.08.28"]

1. c4 e5 2. Nc3 Nf6 3. Nf3 Nc6 4. g3 d5 5. cxd5 Nxd5 6. Bg2 Nb6 7. O-O Be7 8.
Rb1 a5 9. d3 O-O 10. Be3 Be6 11. Bxb6 cxb6 12. Rc1 Rc8 13. a3 f6 14. Nd2 Kh8 15.
Nc4 Bc5 16. e3 Rf7 17. Qe2 Rd7 18. Rfd1 Bf5 19. Be4 Ne7 20. Bxf5 Nxf5 21. Qf3
Ne7 22. Qe4 Rc6 23. Nb5 Rd5 24. Nc3 Rd7 25. Rd2 Re6 26. Rcd1 f5 27. Qf3 f4 28.
exf4 exf4 29. Qxf4 Rf6 30. Qg4 Rg6 31. Qf3 Nc6 32. Qg2 Re7 33. Qd5 Rd7 34. Qg2
Re7 35. Kh1 Nd4 36. Ne4 Qf8 37. f4 Nf5 38. d4 Rge6 39. dxc5 Rxe4 40. Ne5 R4xe5
41. fxe5 Ne3 42. Qf2 1-0

[Event "40th Olympiad Open"]
[Site "Istanbul TUR"]
[Date "2012.09.09"]
[Round "11.37"]
[Board "2"]
[White "Kawuma, Patrick"]
[Black "Li, Ruofan"]
[Result "1/2-1/2"]
[WhiteTitle "CM"]
[BlackTitle "IM"]
[WhiteElo "2209"]
[BlackElo "2419"]
[WhiteTeam "Uganda"]
[BlackTeam "Singapore"]
[WhiteFideId "10000127"]
[BlackFideId "8600643"]
[EventDate "2012.08.28"]

1. c4 c5 2. Nc3 Nc6 3. g3 g6 4. Bg2 Bg7 5. Nf3 e6 6. d3 Nge7 7. Bd2 d5 8. cxd5
exd5 9. O-O O-O 10. Re1 d4 11. Ne4 b6 12. a3 h6 13. Bc1 Be6 14. a4 Qd7 15. Bxh6
Bh3 16. Bd2 Bxg2 17. Kxg2 Qd5 18. Qc2 Ne5 19. Nxe5 Bxe5 20. Qc4 Qxc4 21. dxc4 d3
22. exd3 Bxb2 23. Rab1 Bd4 24. a5 bxa5 25. Bxa5 Nc6 26. Bc3 Bxc3 27. Nxc3 Nb4
28. Re7 Rfe8 29. Rxe8+ Rxe8 30. Ne4 Rc8 31. d4 a5 32. Nxc5 Nc2 33. Rb5 a4 34.
Nxa4 Rxc4 35. Rc5 Rxa4 36. Rxc2 Rxd4 37. h4 Kg7 38. Rc5 Rd3 39. Ra5 Rb3 40. Kh3
Rf3 41. Kg2 Rb3 42. g4 Rc3 43. f3 Rb3 44. Kg3 Rb4 45. Re5 Ra4 46. h5 gxh5 47.
Rxh5 f6 48. Rb5 Ra3 49. g5 fxg5 50. Rxg5+ Kf6 51. Rg4 Rb3 52. Ra4 Rb6 53. Kg4
Rc6 54. Rf4+ Kg6 55. Rf8 Rc4+ 56. Rf4 Rxf4+ 57. Kxf4 Kf6 58. Ke4 Ke6 1/2-1/2

[Event "40th Olympiad Open"]
[Site "Istanbul TUR"]
[Date "2012.09.09"]
[Round "11.37"]
[Board "3"]
[White "Shanmugam, Ravindran"]
[Black "Wanyama, Harold"]
[Result "0-1"]
[WhiteTitle "IM"]
[WhiteElo "2406"]
[BlackElo "2159"]
[WhiteTeam "Singapore"]
[BlackTeam "Uganda"]
[WhiteFideId "5801770"]
[BlackFideId "10000380"]
[EventDate "2012.08.28"]

1. e4 c5 2. d3 e6 3. g3 b6 4. Bg2 Bb7 5. f4 d6 6. Nf3 Nf6 7. O-O Be7 8. h3 Nc6
9. Be3 O-O 10. Bf2 Rc8 11. Re1 Qc7 12. c3 Rfd8 13. a4 a6 14. Na3 d5 15. e5 Nd7
16. Qe2 Na5 17. g4 Nb3 18. Ra2 d4 19. c4 Bc6 20. Qd1 Na5 21. Nd2 Nf8 22. Bg3 Qd7
23. b3 Ng6 24. Rf1 f6 25. exf6 Bxf6 26. Bxc6 Nxc6 27. Ne4 Rf8 28. Qe1 Nb4 29.
Rd2 Bd8 30. f5 exf5 31. gxf5 Ne7 32. f6 Nf5 33. Rxf5 Qxf5 34. Nd6 Qxh3 35. Nxc8
Bxf6 36. Nd6 Bg5 37. Rh2 Be3+ 38. Bf2 Qg3+ 39. Rg2 Qxd6 40. Bxe3 dxe3 41. Qxe3
Qxd3 42. Qe6+ Kh8 43. Qxb6 Qd4+ 44. Kh2 Qf4+ 45. Kg1 Re8 46. Rf2 Qg3+ 47. Kf1
Nd3 48. Re2 Qf3+ 49. Kg1 Qxe2 0-1

[Event "40th Olympiad Open"]
[Site "Istanbul TUR"]
[Date "2012.09.09"]
[Round "11.37"]
[Board "4"]
[White "Emojong, Elijah"]
[Black "Fernandez, Daniel Howard"]
[Result "0-1"]
[WhiteTitle "FM"]
[BlackTitle "IM"]
[WhiteElo "2147"]
[BlackElo "2370"]
[WhiteTeam "Uganda"]
[BlackTeam "Singapore"]
[WhiteFideId "10000402"]
[BlackFideId "5801605"]
[EventDate "2012.08.28"]

1. e4 c6 2. d4 d5 3. Nc3 dxe4 4. Nxe4 Nd7 5. Ng5 Ngf6 6. N1f3 h6 7. Nh3 g5 8.
Nhg1 Qc7 9. Bc4 b5 10. Bb3 c5 11. dxc5 Nxc5 12. Nd4 Bb7 13. Ngf3 g4 14. Nh4
O-O-O 15. c3 e5 16. Be3 exd4 17. cxd4 Nxb3 18. axb3 Bb4+ 19. Kf1 Kb8 20. d5 Bc5
21. Rc1 Nxd5 22. Bxc5 Qxc5 23. Rxc5 Ne3+ 24. Ke2 Nxd1 25. Re5 Nxb2 26. Re3 b4
27. Ra1 Bc6 28. Ra5 a6 29. f3 Bb5+ 30. Kf2 Nd1+ 0-1

[Event "40th Olympiad Open"]
[Site "Istanbul TUR"]
[Date "2012.09.09"]
[Round "11.38"]
[Board "2"]
[White "Orsag, Milan1"]
[Black "Zapata, Alonso"]
[Result "1-0"]
[WhiteTitle "IM"]
[BlackTitle "GM"]
[WhiteElo "2405"]
[BlackElo "2481"]
[WhiteTeam "ICSC"]
[BlackTeam "Colombia"]
[WhiteFideId "300853"]
[BlackFideId "4400011"]
[EventDate "2012.08.28"]

1. d4 Nf6 2. Nf3 g6 3. c4 Bg7 4. Nc3 d6 5. Bg5 h6 6. Bh4 g5 7. Bg3 Nh5 8. e3 c5
9. d5 Nd7 10. Nd2 Ndf6 11. Be2 Nxg3 12. hxg3 a6 13. Qc2 Bd7 14. e4 e6 15. Nf1
Qa5 16. Qd2 b5 17. dxe6 fxe6 18. e5 b4 19. exf6 bxc3 20. Bh5+ Kd8 21. bxc3 Bxf6
22. Rc1 Rb8 23. Ne3 Kc7 24. O-O Rb6 25. f4 gxf4 26. gxf4 Qa3 27. Qd3 Rg8 28. Bg6
Be8 29. Bxe8 Rxe8 30. Qg6 Rf8 31. Qxh6 Rbb8 32. Qh7+ Kc6 33. Qe4+ Kd7 34. f5 e5
35. Nd5 Bg5 36. f6 Bxf6 37. Qh7+ Ke8 38. Nc7+ Kd8 39. Ne6+ 1-0

[Event "40th Olympiad Open"]
[Site "Istanbul TUR"]
[Date "2012.09.09"]
[Round "11.38"]
[Board "3"]
[White "Escobar Forero, Alder"]
[Black "Klasan, Vladimir"]
[Result "1-0"]
[WhiteTitle "IM"]
[WhiteElo "2493"]
[BlackElo "2342"]
[WhiteTeam "Colombia"]
[BlackTeam "ICSC"]
[WhiteFideId "4400801"]
[BlackFideId "934054"]
[EventDate "2012.08.28"]

1. e4 c5 2. Nf3 d6 3. d4 cxd4 4. Nxd4 Nf6 5. Nc3 Nc6 6. Bc4 Qb6 7. Nde2 e6 8.
Bb3 a6 9. Be3 Qc7 10. Qd2 Be7 11. O-O-O O-O 12. f4 b5 13. Ng3 Na5 14. f5 Bb7 15.
Qd4 Rac8 16. Rhf1 e5 17. Qb6 Nc4 18. Qxc7 Rxc7 19. Bg5 b4 20. Bxc4 bxc3 21. b3
Rxc4 22. bxc4 Rc8 23. Rd3 Rxc4 24. Rff3 Bxe4 25. Rxc3 Rxc3 26. Rxc3 Bxg2 27. Nh5
Nxh5 28. Rc8+ Bf8 29. Be7 h6 30. Rxf8+ Kh7 31. Rxf7 d5 32. Bd6 e4 33. Be5 Kg8
34. Ra7 Bf1 35. Kd2 Bc4 36. a4 Kf8 37. Ke3 Kg8 38. Rc7 Kf8 39. Kd4 Ba2 40. a5
Bc4 41. Rc8+ Ke7 42. Rc7+ Kf8 43. Rxc4 dxc4 44. Kxc4 Ke7 45. Kd4 Kd7 46. Kxe4
Kc6 47. Kd4 Kb5 48. c4+ Kxa5 49. c5 Kb5 50. Ke4 1-0

[Event "40th Olympiad Open"]
[Site "Istanbul TUR"]
[Date "2012.09.09"]
[Round "11.39"]
[Board "1"]
[White "Zambrana, Oswaldo"]
[Black "Baules, Jorge"]
[Result "1-0"]
[WhiteTitle "GM"]
[BlackTitle "IM"]
[WhiteElo "2471"]
[BlackElo "2352"]
[WhiteTeam "Bolivia"]
[BlackTeam "Panama"]
[WhiteFideId "3300200"]
[BlackFideId "6600247"]
[EventDate "2012.08.28"]

1. e4 c5 2. Nf3 Nc6 3. d4 cxd4 4. Nxd4 Nf6 5. Nc3 e5 6. Ndb5 d6 7. Bg5 a6 8. Na3
b5 9. Nd5 Be7 10. Bxf6 Bxf6 11. c4 b4 12. Nc2 O-O 13. g3 a5 14. Bg2 Bg5 15. O-O
Be6 16. h4 Bh6 17. Qd3 Bxd5 18. cxd5 Nb8 19. a3 Na6 20. axb4 Nxb4 21. Nxb4 axb4
22. Ra6 Rxa6 23. Qxa6 b3 24. Ra1 Qb8 25. Bf1 Qb4 26. Ra4 Qb8 27. Ra5 Qc7 28. Rb5
Bd2 29. Qc6 Qe7 30. Rxb3 Rd8 31. Qb6 Qf8 32. Bh3 h5 33. Qc7 Ra8 34. Rf3 f6 35.
Rb3 Kh8 36. Bf5 Ba5 37. Qb7 Rd8 38. Bg6 1-0

[Event "40th Olympiad Open"]
[Site "Istanbul TUR"]
[Date "2012.09.09"]
[Round "11.39"]
[Board "2"]
[White "Arosemena, Jorge Luis"]
[Black "Gemy, Jose Daniel"]
[Result "0-1"]
[WhiteTitle "FM"]
[BlackTitle "FM"]
[WhiteElo "2092"]
[BlackElo "2345"]
[WhiteTeam "Panama"]
[BlackTeam "Bolivia"]
[WhiteFideId "6600140"]
[BlackFideId "3301478"]
[EventDate "2012.08.28"]

1. e4 e6 2. d4 d5 3. Nd2 c5 4. Ngf3 cxd4 5. exd5 Qxd5 6. Bc4 Qd6 7. O-O Nf6 8.
Nb3 Nc6 9. Nbxd4 Nxd4 10. Nxd4 a6 11. Bb3 Bd7 12. c3 Qc7 13. Be3 Bd6 14. h3
O-O-O 15. Qf3 Bh2+ 16. Kh1 Be5 17. a4 h6 18. Rfd1 Kb8 19. Qe2 Bc8 20. Nb5 Rxd1+
21. Bxd1 axb5 22. axb5 Qd6 23. b6 Bd7 24. b4 Bc6 25. Bb3 Bxc3 26. Bc5 Qe5 27.
Qd3 Ne4 28. Rd1 Kc8 29. Kg1 Nxc5 30. bxc5 Qe4 31. Qg3 Be5 32. f4 Qxf4 0-1

[Event "40th Olympiad Open"]
[Site "Istanbul TUR"]
[Date "2012.09.09"]
[Round "11.39"]
[Board "3"]
[White "Cueto, Jonny"]
[Black "Valdes, Rances"]
[Result "1-0"]
[WhiteTitle "IM"]
[BlackTitle "CM"]
[WhiteElo "2282"]
[BlackElo "2139"]
[WhiteTeam "Bolivia"]
[BlackTeam "Panama"]
[WhiteFideId "3300145"]
[BlackFideId "6600239"]
[EventDate "2012.08.28"]

1. e4 c5 2. Nf3 d6 3. c3 Nf6 4. Bd3 Nc6 5. O-O Bg4 6. h3 Bh5 7. Re1 e5 8. Bf1
Be7 9. d3 O-O 10. Bg5 Re8 11. Nbd2 h6 12. Bxf6 Bxf6 13. Nc4 d5 14. Ne3 Ne7 15.
g4 Bg6 16. Nd2 d4 17. Ng2 Nc6 18. a4 a6 19. Qb3 Rb8 20. Qd5 Qe7 21. Nb3 h5 22.
Qxc5 Qe6 23. Qd5 Qc8 24. f3 Rd8 25. Qc5 Be7 26. Qb6 Rd6 27. Nd2 Bg5 28. Nc4 Rf6
29. h4 Be3+ 30. Ncxe3 dxe3 31. Qxe3 hxg4 32. fxg4 Qxg4 33. Be2 Qd7 34. Rf1 Rd6
35. h5 Bh7 36. Rf3 Nd8 37. Bd1 Kh8 38. Rg3 Qe7 39. Bb3 b5 40. a5 b4 41. Bc4 bxc3
42. bxc3 Rb2 43. Qg5 Qa7+ 44. Kh1 f6 45. Qg4 Bg8 46. Ne3 Be6 47. Qg6 Qf7 48. h6
Rd7 49. Qxg7+ Qxg7 50. Rxg7 Rxg7 51. hxg7+ Kxg7 52. Bxa6 Re2 53. Nf5+ Bxf5 54.
exf5 Nc6 55. Bb7 Na7 56. Rg1+ Kf8 57. Rg6 Ke7 58. Rg7+ Kf8 59. Rc7 Ra2 60. a6
Nb5 61. Rc6 Ke7 62. Re6+ Kf7 63. Rc6 Ra3 64. Kg2 Ke7 65. Kf3 Nd6 66. Rc7+ Kd8
67. Rc6 Ke7 68. Kg4 Ra2 69. Rc7+ Kd8 70. Rh7 Nb5 71. Kh5 Nc7 72. Kg6 Nxa6 73.
Kxf6 Nc5 74. Kxe5 Re2+ 75. Kd4 Nd7 76. Be4 Rf2 77. c4 Rc2 78. Bd5 Re2 79. Rg7
Nf6 80. Be6 1-0

[Event "40th Olympiad Open"]
[Site "Istanbul TUR"]
[Date "2012.09.09"]
[Round "11.39"]
[Board "4"]
[White "Aizpurua, Patrick"]
[Black "Molina, Jorge"]
[Result "1/2-1/2"]
[WhiteTitle "CM"]
[BlackTitle "FM"]
[WhiteElo "2113"]
[BlackElo "2180"]
[WhiteTeam "Panama"]
[BlackTeam "Bolivia"]
[WhiteFideId "6600522"]
[BlackFideId "3300161"]
[EventDate "2012.08.28"]

1. e4 c6 2. c4 e5 3. Nf3 d6 4. d4 Nd7 5. Nc3 Be7 6. Be2 Ngf6 7. O-O O-O 8. d5
cxd5 9. cxd5 Nc5 10. Nd2 a5 11. b3 Bd7 12. Ba3 Rc8 13. Rc1 Rc7 14. b4 axb4 15.
Bxb4 Qa8 16. Qc2 Rfc8 17. Qb2 Na4 18. Nxa4 Bxa4 19. Rxc7 Rxc7 20. Rc1 Qc8 21.
Rxc7 Qxc7 22. Qc3 Qxc3 23. Bxc3 Kf8 24. g3 Ke8 25. f3 Kd8 26. Ba5+ Kc8 27. Nc4
Kb8 28. Kf2 Bb5 29. Ne3 Bxe2 30. Kxe2 g6 31. Nc4 Nd7 32. Bb4 Kc7 33. a4 b6 34.
f4 f6 35. Kd3 h5 36. a5 bxa5 37. Bxa5+ Kb7 38. Bb4 Kc7 39. fxe5 Nxe5+ 40. Nxe5
fxe5 41. Ba3 1/2-1/2

[Event "40th Olympiad Open"]
[Site "Istanbul TUR"]
[Date "2012.09.09"]
[Round "11.40"]
[Board "1"]
[White "Mok, Tze-Meng"]
[Black "Kulpruethanon, Thanadon"]
[Result "1-0"]
[WhiteTitle "IM"]
[WhiteElo "2354"]
[BlackElo "2068"]
[WhiteTeam "Malaysia"]
[BlackTeam "Thailand"]
[WhiteFideId "5700329"]
[BlackFideId "6201610"]
[EventDate "2012.08.28"]

1. e4 e6 2. Nf3 d5 3. Nc3 dxe4 4. Nxe4 Nd7 5. d4 Ngf6 6. Nxf6+ Nxf6 7. Bd3 c5 8.
O-O cxd4 9. Nxd4 Bd7 10. Qe2 Bc5 11. Nf3 O-O 12. Ne5 Bc6 13. Nxc6 bxc6 14. Bg5
Be7 15. Rfd1 Qb6 16. c3 Rfd8 17. Be3 Bc5 18. Bg5 Be7 19. b4 Nd5 20. Bxe7 Nxe7
21. Qe4 g6 22. Bc4 Nd5 23. Qe5 Qb8 24. Qe1 Qb6 25. Bf1 a5 26. a3 axb4 27. axb4
Qb7 28. g3 Rxa1 29. Rxa1 Ra8 30. Rxa8+ Qxa8 31. c4 Ne7 32. Qe5 Qd8 33. h4 Qb6
34. Qc3 c5 35. b5 Nc8 36. h5 Qd6 37. Qf6 gxh5 38. Qg5+ Kf8 39. Qxh5 Nb6 40. Qxh7
Qd4 41. Qc2 Qa1 42. Qe4 Nd7 43. Qc6 Ke7 44. Kg2 Qa5 45. Be2 Qb6 46. Qe4 Qd6 47.
Qh4+ Ke8 48. Bf3 Ne5 49. Qf6 Kd7 50. b6 Nxf3 51. Qxf7+ Kc6 52. Qc7+ Qxc7 53.
bxc7 Ne1+ 54. Kf1 Kxc7 55. Kxe1 Kd6 56. f4 e5 57. f5 1-0